Seinfeld: Who Said It? Quiz Stats

 Plays Quiz Updated Oct 19, 2016

Challenge
Share
Tweet
Embed
Score 0/20 Timer 05:00
2 Plays Today
Quote Who Said It % Correct
You know I always wanted to pretend I was an architect. ???
93%
It became very clear to me sitting out there today that every decision I've made in my entire life has been wrong. My life is the complete opposite of everything I want it to be.???
91.9%
Looking at cleavage is like looking at the sun. You don't stare at it. It's too risky. You get a sense of it and then you look away.???
90.7%
I think I'm pretty much like you, only successful. ???
90%
Well, you, my friend, have crossed the line that divides Man and Bum. You are now a Bum.???
86.7%
You're through, Soup Nazi! No more soup for you. Next!???
85.1%
I've yada yada'ed sex. ???
84.5%
Oh yeah? Well, the jerk store called, and they're running outta you!???
84%
My face is my livelihood. Everything I have I owe to this face.???
79.5%
The second button is the key button. It literally makes or breaks the shirt. Look at it. It's too high. It's in no man's land. ???
77.7%
Quote Who Said It % Correct
Just remember, it's not a lie if you believe it.???
77.2%
You know, you really shouldn't brush 24 hours before seeing the dentist.???
75.9%
People don't just bump into each other and have sex. This isn't Cinemax.???
73.8%
Here's to those who wish us well, and those who don't can go to hell. ???
71.5%
I know myself. If I'm out on the street and it starts to go down, I don't back off until it's finished.???
71.5%
I did not bare myself deliberately, but I tell you, I wish now that I had! Because it is not me that has been exposed, but you! For I have seen the nipple on your soul!???
69.6%
Do you ever just get down on your knees and thank God that you know me and have access to my dementia????
64.2%
Do you have any idea how much time I waste in this apartment? ???
48.8%
You know that just admitting a man is handsome doesn't necessarily make you a homosexual.???
48.5%
Here's to feeling good all the time. ???
48.4%

You're not logged in!

Compare scores with friends on all Sporcle quizzes.
OR
Log In

You Might Also Like...

Show Comments

Extras

Top Quizzes Today


Score Distribution

Your Account Isn't Verified!

In order to create a playlist on Sporcle, you need to verify the email address you used during registration. Go to your Sporcle Settings to finish the process.

Report this User

Report this user for behavior that violates our Community Guidelines.

Details: